00821 2200289 4500001002100000005001500021035002500036007000300061008004100064020002200105040001700127041000800144082001600152084001800168090002200186090002200208100003500230245006800265250002600333260003700359300004100396650001600437850001200453999002200465990002200487990002200509INLIS00000000002809020200529093018 a0010-051700000000800ta170531s2014 yoia g f 0 ind d a978-602-225-954-1 aYOPDYOGbind0 aind04223a621.381 a621.381 RIC m aDEP 621.381 RIC m aCB-D.11 2014-23970 aRicki Anandad1991-ePengarang1 aMemahami, dasar belajar elektronika bagi pemula /cRicki Ananda aCetakan pertama, 20143 aYogyakarta :bLeutikaprio,c2014 axv, 97 halaman :bilustrasi ;c19 cm 4aElektronika aYOPDYOG aCB-D.11/2014-2397 aCB-D.11/2014-2397 aCB-D.11/2014-2397